| 000 | 00000nam 2200000za 4500 |
| 001 | 9.577345 |
| 003 | CaOODSP |
| 005 | 20221107134052 |
| 007 | cr ||||||||||| |
| 008 | 150406s2000||||xxcad|||o f000 0 eng d |
| 020 | |z0-662-29500-5 |
| 040 | |aCaOODSP|beng |
| 043 | |an-cn-ab |
| 086 | 1 |aA54-8/2000-2E-PDF|zA54-8/2000-2E |
| 100 | 1 |aMacMillan, Robert A., |d1950- |
| 245 | 10|aAlberta landforms |h[electronic resource] : |bquantitative morphometric descriptions and classifications of typical Alberta landforms / |cR.A. MacMillan, W.W. Pettapiece. |
| 260 | |aSwift Current, SK. : |bSemiarid Prairie Research Centre, Agriculture and Agri-Food Canada. |cc2000. |
| 300 | |ax, 118 p. : |bill. (some col.) |
| 490 | 1 |aResearch Branch technical bulletin ; |v2000-2E |
| 504 | |aIncludes bibliographical references. |
| 590 | |a13-20-Supp|b2013-08-30 |
| 690 | 07|aGeomorphology|2gcpds |
| 700 | 1 |aPettapiece, W. W. |
| 710 | 1 |aCanada. |bAgriculture and Agri-Food Canada. |bResearch Branch. |
| 776 | 0#|tAlberta landforms : |w(CaOODSP)9.615362 |
| 830 | #0|aTechnical bulletin (Canada. Agriculture and Agri-Food Canada. Research Branch)|v2000-2E|w(CaOODSP)9.507590 |
| 856 | 40|ahttp://publications.gc.ca|qPDF|s3.83 MB|uhttps://publications.gc.ca/collections/Collection/A54-8-2000-2E.pdf|y2000-2E |